Ottoman hospitality and its impact on europe (Record no. 3608)

MARC details
000 -BAŞLIK
Sabit Uzunlukta Kontrol Alanı 00843na a2200289 4500
001 - KONTROL NUMARASI
Denetim Alanı 15540
003 - KONTROL NUMARASI IDENTIFIER
Denetim Alanı MIRAKIL
005 - SON İŞLEM TARİHİ VE ZAMANI
Denetim Alanı 20181213154937.0
008 - SABİT-BOY VERİ ELEMANLARI - GENEL BİLGİLER
Sabit Uzunlukta Kontrol Alanı 161019b tu 000 0
020 ## - ULUSLARARASI STANDART KİTAP NUMARASI
Uluslararası Standart Kitap Numarası 9789944603973
035 ## - SİSTEM KONTROL NUMARASI
Sistem Kontrol Numarası 15540
040 ## - KATALOGLAMA KAYNAK
Orijinal Kataloglama Ajansı Milas
Kataloglama Dili tur
Metne Dönüştürmek Ajansı TR-AnCHP
041 ## - DİL KODU
Metin / Ses Parça Veya Ayrı Başlığın Dil Kodu eng
082 ## - DEWEY ONLU SINIFLANDIRMA NUMARASI
Sınıflandırma Numarası 956.1015
Ürün Numarası N29o 2008
090 ## - SINIFLAMA NUMARASI
Sınıflama Numarası 956.1015 N29o 2008
100 ## - ANA GİRİŞ - KİŞİSEL İSİM
Kişisel Ad Nazır, Bayram
245 ## - BAŞLIK TABLOSU
Başlık Ottoman hospitality and its impact on europe
Sorumluluk Tablosu, Vb Bayram Nazır
260 ## - YAYIN, DAĞITIM, VB
Yayın, Dağıtım, Vb Yeri İstanbul
Yayıncı, Dağıtıcı, Vs Adı ITO
Yayın, Dağıtım, Vb Tarihi 2008
300 ## - FİZİKSEL TANIM
Kapsam 192 s.
Diğer Fiziksel Ayrıntıları res.
Boyutlar 24 sm.
650 ## - KONU KATMA GİRİŞ - TOPİKAL DÖNEM
Topikal Süreli Veya Coğrafi Ad Giriş Elemanı Mülteciler
Genel Alt Bölümü Polonya
Kronolojik Alt Bölümü Tarih
650 ## - KONU KATMA GİRİŞ - TOPİKAL DÖNEM
Topikal Süreli Veya Coğrafi Ad Giriş Elemanı Mülteciler
Genel Alt Bölümü Macar
Kronolojik Alt Bölümü Tarih
650 ## - KONU KATMA GİRİŞ - TOPİKAL DÖNEM
Topikal Süreli Veya Coğrafi Ad Giriş Elemanı Konukseverlik
Genel Alt Bölümü Tarih
Coğrafi Alt Bölümü Türkiye
651 ## - KONU KATMA GİRİŞ - COĞRAFİ ADI
Coğrafi İsim Türkiye
Genel Alt Bölümü Tarih
Kronolojik Alt Bölümü Osmanlı İmparatorluğu
651 ## - KONU KATMA GİRİŞ - COĞRAFİ ADI
Coğrafi İsim Türkiye
Genel Alt Bölümü Sosyal yaşam
Kronolojik Alt Bölümü Gelenekler
710 ## - KATMA GİRİŞ - KURUMSAL ADI
Giriş Elemanı Olarak Kurumsal Ad Veya Yargı Alanı Adı İstanbul Ticaret Odası
942 ## - EKLENDİ GİRİŞ ELEMANLARI (KOHA)
Sınıflandırma Veya Raf Düzeni Kaynak Dewey Decimal Classification
Koha Öğesi Türü Books
999 ## - SİSTEM KONTROL NUMARALARI (KOHA)
Koha Biblionumber 3608
Koha Biblioitemnumber 3608
Holdings
Kalıcı Konum Mevcut Konum Edinme Tarihi Edinim Kaynak Toplam Check-Out'Lar Tam Çağrı Numarası Barkod Tarih Son Görülme İtibaren Geçerli Fiyatlar Koha Öğesi Türü
CHP Kütüphanesi CHP Kütüphanesi 09/13/2016 Bağış   956.1015 N29o 2008 003497 09/13/2016 09/13/2016 Books